| 000 | 01616nam0a2200433 4500 | ||
|---|---|---|---|
| 001 | RU\NLR\bibl\1057458 | ||
| 005 | 20260407154605.0 | ||
| 010 |
_a5-98696-003-3 _bВ пер. _94500 |
||
| 021 |
_aRU _b2007-4497 _9230 |
||
| 035 | _a(nilc)RSL-KNO-003033077 | ||
| 035 | _a(NLR Aleph) 001044740 | ||
| 090 |
_a841006 _c841006 |
||
| 100 | _a20070213d2006 |||y0rusy50 ca | ||
| 101 | 0 | _arus | |
| 102 | _aRU | ||
| 105 | _aac zzzz||||| | ||
| 106 | _ar | ||
| 200 | 1 |
_aПокорение космоса - слава России! _eпоэтический интернет-конкурс _e[сборник стихотворений] |
|
| 210 |
_aМосква _cИзд-во Союза вебмастеров России _d2006 |
||
| 215 |
_a71, [4] с. _cил., портр. _d21 |
||
| 606 | 1 |
_aКосмос _xв художественной литературе _92468008 _3RU\NLR\auth\661466031 |
|
| 610 | 0 | _aДетская литература | |
| 686 |
_aШ9(2)8 _2rubbk |
||
| 686 | _aШ6(2=Р)75-5 | ||
| 686 | _aШ6(2=Р)75-94 | ||
| 686 | _aШ9(2)8 | ||
| 711 | 1 | 2 |
_a"Покорение космоса - слава России", поэтический интернет-конкурс _f2006 _3RU\NLR\AUTH\8810095697 _9692621 |
| 801 | 0 |
_aRU _bРКП _c20070213 _grcr |
|
| 801 | 1 |
_aRU _bРГБ _c20070213 |
|
| 801 | 2 |
_aRU _bNLR _c20070313 _grcr |
|
| 942 | _cBOOK | ||
| 980 | _aNB | ||